Welcome to CU Library Online Public Access Catalogue (OPAC)

JUDAISM; (Record no. 7356)

MARC details
000 -LEADER
fixed length control field 00372nam a22001457a 4500
005 - DATE AND TIME OF LATEST TRANSACTION
control field 20250823123655.0
008 - FIXED-LENGTH DATA ELEMENTS--GENERAL INFORMATION
fixed length control field 250823b |||||||| |||| 00| 0 eng d
020 ## - INTERNATIONAL STANDARD BOOK NUMBER
International Standard Book Number 9780826408198
050 ## - LIBRARY OF CONGRESS CALL NUMBER
Classification number BM565
Item number KUN
100 ## - MAIN ENTRY--PERSONAL NAME
Personal name KUNG HANS
245 ## - TITLE STATEMENT
Title JUDAISM;
Remainder of title BETWEEN YESTERDAY AND TOMORROW
260 ## - PUBLICATION, DISTRIBUTION, ETC.
Place of publication, distribution, etc. NEW YORK
Name of publisher, distributor, etc. CONTINUUM
Date of publication, distribution, etc. c1991
300 ## - PHYSICAL DESCRIPTION
Extent xiii, 753p
942 ## - ADDED ENTRY ELEMENTS (KOHA)
Source of classification or shelving scheme Library of Congress Classification
Koha item type Books
Suppress in OPAC No
999 ## -
-- 7356
-- 7356
Holdings
Withdrawn status Lost status Source of classification or shelving scheme Damaged status Not for loan Collection Home library Current library Shelving location Date acquired Total checkouts Full call number Barcode Date last seen Copy number Price effective from Koha item type
    Library of Congress Classification     Reference Undergraduate Library (Christ Temple) Undergraduate Library (Christ Temple) General stacks 08/23/2025   BM565 KUN ulct00004445 08/23/2025 1 08/23/2025 Books
© 2023-2024 Copyright: Central University Libraries. All Rights Reserved | Created by: Mahone Tech Office